Teresa de Jesús, maestra en la fe /

Bibliographic Details
Main Author: Briñas, Ángel, 1948- (Author)
Format: Electronic eBook
Language:Spanish
Published: Barcelona : Centre de Pastoral Litúrgica, [1996]
Series:Santos y santas ; 3.
Subjects:
Online Access:Digitalia Hispánica

MARC

LEADER 00000nam a2200000Ii 4500
001 DIGULZM0059
003 NyNyDIG
006 m o d
007 cr |||||||||||
008 240108s1996 sp o 000 0 spa d
035 |a (OCoLC)1417821671 
040 |a DGITA  |b eng  |e rda  |e pn  |c DGITA 
020 |a 9788498057720  |q eBook 
020 |z 9788474673906 
050 1 4 |a BX4700.T4 ebook 
100 1 |a Briñas, Ángel,  |d 1948-  |e author. 
245 1 0 |a Teresa de Jesús, maestra en la fe /  |c Ángel M. Briñas. 
264 1 |a Barcelona :  |b Centre de Pastoral Litúrgica,  |c [1996] 
300 |a 1 online resource. 
336 |a text  |b txt  |2 rdacontent 
337 |a computer  |b c  |2 rdamedia 
338 |a online resource  |b cr  |2 rdacarrier 
347 |a text file  |2 rdaft 
347 |b EPUB 
490 1 |a Santos y santas ;  |v 3 
588 0 |a Online resource; title from ePub title page (Digitalia, viewed January 8, 2024) 
600 0 0 |a Teresa,  |c of Avila, Saint,  |d 1515-1582. 
791 2 |a Digitalia (Firm),  |e distributor. 
793 0 |g Digitalia eBook Collection:  |a Ulzama 
776 0 8 |i Print version:  |a Briñas, Ángel, 1948-  |t Teresa de Jesús, maestra en la fe.  |d Barcelona : Centre de Pastoral Litúrgica, [1996]  |z 9788474673906 
830 0 |a Santos y santas ;  |v 3. 
856 4 0 |3 Digitalia Hispánica  |u https://www.digitaliapublishing.com/a/88774/ 
910 |a Premium collection: 2024